MARC

LEADER 00000nam a2200000Ia 4500
001 24211
008 160829s2010 xx 000 0 cat d
080 |a NBM-9-5 
245 |a Arxiu Històric de la Diputació de Barcelona 
260 |a [Barcelona] :  |b Diputació de Barcelona,  |c 2010 
300 |a 20 x 6 cm 
610 1 0 |a Arxiu General de la Diputació de Barcelona  |9 52704 
710 1 |a Arxiu General de la Diputació de Barcelona  |9 52704 
901 |a Arxiu 
942 |n 1 
952 |0 0  |1 0  |4 0  |6 NBM95  |7 1  |9 55319  |a Arxiu  |b Arxiu  |d 2016-12-01  |l 0  |o NBM-9-5  |p 24211  |r 2016-12-01 00:00:00  |w 2016-12-01  |y ARXIU 
999 |c 59192  |d 59192